| 000 | 00320cam a22001097a 4500 | ||
|---|---|---|---|
| 008 | 180718b2005 xxu||||| |||| 00| 0 eng d | ||
| 020 | _a8178814471 | ||
| 245 |
_aVirtual teams: concepts and applications _cedited by Sumati Reddy |
||
| 260 |
_aHyderabad _bICFAI Univ. Press _c2005 |
||
| 300 | _a196p. | ||
| 700 | _aReddy, Sumati | ||
| 999 |
_c404812 _d404812 |
||